ibe Songs - Statistics

General Stats
  • This quiz has been taken 32 times
    24 since last reset
  • The average score is 21 of 64
Answer Stats
Hint Answer % Correct
ViO alienbaby
80%
perkele! Sateenkaarenpää
73%
Singles Tien Pääl
73%
ViO Cheek
67%
IBE <3
67%
ViO Sateeseen
67%
perkele! Ei Roudareit
60%
ViO Y****
60%
ViO Huayra (I Made It)
53%
perkele! Huuto
53%
IBELIUS Ibelius
53%
perkele! Molemmat
53%
ViO NiinPaljon
53%
ViO 150
47%
IBELIUS 39N
47%
ViO Kuolematon
47%
ViO MeitsiOn
47%
IBE Sokeri
47%
IBELIUS iClout
40%
perkele! Inseptio
40%
Singles Luota Muhun
40%
perkele! Marlboro
40%
Singles Monologi
40%
perkele! E-Girl
33%
IBELIUS Kendama
33%
ViO Kirous (GWTB)
33%
ViO Siunaus
33%
perkele! Tuliks Selväks?
33%
Singles Tunteet
33%
perkele! Älä Maindaa
27%
ViO EriMinä
27%
IBELIUS Kaukan Mut Lähel
27%
NONSENSE Kuu-Ukko
27%
NONSENSE Nonsense
27%
IBE Rakastuminen
27%
NONSENSE Sudet
27%
IBE Tärykalvomurha
27%
NONSENSE Viraali
27%
Singles West Side Baby
27%
IBELIUS Cudi
20%
IBELIUS EDGY
20%
Singles Eurovisioit
20%
Singles Itsekäs
20%
ViO Jäässä
20%
Singles Kaikki
20%
perkele! Kestävää
20%
Singles KIRPPARINARKKARI
20%
IBELIUS Paranoidi
20%
IBELIUS SauceMan
20%
IBELIUS Stadi On Kylmä
20%
ViO Testi
20%
Singles Tonnin Stiflat
20%
NONSENSE Buli
13%
IBE HEI
13%
NONSENSE Kerro Mulle
13%
IBE Keskusteluja
13%
Singles Oma iTT3s
13%
NONSENSE Online - Offline
13%
Singles Vika Päivä
13%
Singles Kaikki Kerrat Kun Me Tavattiin
7%
IBE Klubi
7%
NONSENSE Muotokuva
7%
Singles Parast Elämää
7%
Singles Samma Gamla Vanliga (Remix)
7%
No matching quizzes found
Score Distribution
Percent of People with Each Score
Percentile by Number Answered
Your Score History
You have not taken this quiz since the last reset